Random Generator Puzzle #2 - Statistics

General Stats
  • This quiz has been taken 14 times
  • The average score is 5 of 13
Answer Stats
Hint Answer % Correct
This is an internal organ Liver
92%
This is the French word for "book" Livre
75%
This is another word for being in danger. Peril
67%
The bondsman had to ____ the man's car because he hasn't been paying for it. Repo
67%
This is a type of snake. Viper
67%
This is a type of bird, aslo the name of a sports team. Oriole
50%
"A short-billed gregarious wading bird". Plover
42%
"A thin, semitransparent fabric of cotton, wool, or silk." Voile
25%
The lowest deck of a wooden sailing ship with three or more decks. Orlop
17%
9-Letter Place Liverpool
8%
This word is German for "bollard." Poller
8%
Gloomy, dismal, or chilled. Oorie
0%
"A small American songbird, typically having a green or gray back and yellow or white underparts" Vireo
0%
No matching quizzes found
Score Distribution
Percent of People with Each Score
Percentile by Number Answered
Your Score History
You have not taken this quiz